Statistics for All Jay-Z Songs

Click here to take the quiz!

General Stats

  • This quiz has been taken 187 times
    (156 since last reset)
  • The average score is 63 of 289

Answer Stats

AlbumSong% Correct
The Black Album99 Problems
70%
Collision CoursePoints of Authority/99 Problems/One Step Closer
70%
Watch the ThroneN***as in Paris
68%
4:444:44
65%
Watch the ThroneOtis
63%
The BlueprintIzzo (H.O.V.A.)
62%
The Blueprint 3Empire State of Mind
60%
Vol. 2... Hard Knock LifeHard Knock Life (Ghetto Anthem)
58%
Watch the ThroneNo Church in the Wild
58%
4:44The Story of O.J.
58%
Collision CourseNumb/Encore
55%
Collision CourseIzzo/In the End
52%
The BlueprintGirls, Girls, Girls
51%
The BlueprintRenegade
51%
The Black AlbumEncore
50%
The Blueprint 3Run This Town
50%
The Black AlbumDirt off Your Shoulder
48%
Collision CourseDirt off Your Shoulder/Lying from You
48%
The BlueprintTakeover
48%
The BlueprintBlueprint (Momma Loves Me)
46%
Single #2Dead Presidents
46%
Magna Carta Holy GrailHoly Grail
46%
The BlueprintSong Cry
46%
Reasonable DoubtCan't Knock the Hustle
44%
American Gangster | The Dynasty: Roc La FamiliaIntro
44%
In My Lifetime, Vol. 1Intro / A Million And One Questions / Rhyme No More
44%
Vol. 3... Life and Times of S. CarterBig Pimpin'
43%
Collision CourseBig Pimpin'/Papercut
43%
The BlueprintHeart of the City (Ain't No Love)
43%
Reasonable DoubtBrooklyn's Finest
42%
Reasonable DoubtDead Presidents II
41%
The Black AlbumLucifer
38%
The Blueprint²: The Gift & the Curse'03 Bonnie & Clyde
37%
4:44Kill Jay Z
37%
The BlueprintU Don't Know
37%
Reasonable DoubtD'Evils
36%
The Dynasty: Roc La FamiliaHolla
36%
The Black AlbumPublic Service Announcement (Interlude)
36%
American GangsterAmerican Gangster
35%
4:44Family Feud
35%
The BlueprintBreathe Easy (Lyrical Exercise)
34%
Reasonable DoubtCan I Live
34%
The BlueprintGirls, Girls, Girls (Part 2)
34%
The BlueprintJigga That N***a
34%
Watch the ThroneLift Off
34%
The Blueprint 3Young Forever
34%
Watch the ThroneH•A•M
33%
The Black AlbumInterlude
33%
Watch the ThroneWelcome to the Jungle
33%
The Black AlbumChange Clothes
32%
The Black AlbumDecember 4th
32%
The BlueprintHola' Hovito
32%
Kingdom ComeKingdom Come
32%
The Black AlbumMoment of Clarity
32%
4:44Smile
32%
4:44Bam
31%
The BlueprintNever Change
31%
The Blueprint 3On to the Next One
31%
The BlueprintThe Ruler's Back
31%
Everything Is LoveApesh*t
30%
Reasonable DoubtFeelin' It
30%
4:44Marcy Me
30%
Reasonable DoubtPolitics as Usual
30%
Watch the ThroneGotta Have It
29%
The Black AlbumMy 1st Song
29%
Magna Carta Holy GrailOceans
29%
The Best of Both WorldsThe Streets
29%
The Blueprint 3D.O.A. (Death of Auto-Tune)
28%
4:44Moonlight
28%
In My Lifetime, Vol. 1Streets Is Watching
28%
The Black AlbumWhat More Can I Say
28%
The Blueprint²: The Gift & the CurseExcuse Me Miss
27%
Magna Carta Holy GrailF**kWithMeYouKnowIGotIt
27%
Reasonable DoubtAin't No N***a
26%
The BlueprintAll I Need
26%
The Blueprint 3A Star Is Born
26%
Watch the ThroneMurder to Excellence
26%
Watch the ThroneThat's My B***h
26%
The Dynasty: Roc La FamiliaThe R.O.C.
26%
The Black AlbumThreat
26%
Magna Carta Holy GrailTom Ford
26%
Reasonable Doubt22 Two's
25%
The Blueprint 3Hate
25%
Watch the ThroneMade in America
25%
The Black AlbumAllure
24%
The Blueprint²: The Gift & the CurseBlueprint²
24%
SingleIn My Lifetime
24%
4:44Legacy
24%
Watch the ThroneNew Day
24%
Magna Carta Holy GrailPart II (On the Run)
24%
In My Lifetime, Vol. 1The City Is Mine
24%
4:44Caught Their Eyes
23%
Watch the ThronePrimetime
23%
American GangsterRoc Boys (And the Winner Is)...
23%
The Blueprint²: The Gift & the CurseThe Bounce
23%
In My Lifetime, Vol. 1Where I'm From
23%
Watch the ThroneWhy I Love You
23%
Vol. 2... Hard Knock LifeCan I Get A...
22%
Reasonable DoubtFriend or Foe
22%
Watch the ThroneThe Joy
22%
Kingdom Come | The TruthAnything
21%
The Blueprint²: The Gift & the CurseHovi Baby
21%
Magna Carta Holy GrailPicasso Baby
21%
The Blueprint 3Thank You
21%
Watch the ThroneWho Gon Stop Me
21%
In My Lifetime, Vol. 1You Must Love Me
21%
The Blueprint²: The Gift & the CurseA Dream
20%
Magna Carta Holy GrailBBC
20%
The Blueprint 3Off That
20%
The Blueprint²: The Gift & the CursePoppin' Tags
20%
Kingdom ComeShow Me What You Got
20%
Everything Is LoveSummer
20%
The Blueprint²: The Gift & the CurseThe Watcher 2
20%
The Blueprint 3Already Home
19%
Reasonable DoubtBring It On
19%
Reasonable DoubtCashmere Thoughts
19%
American GangsterI Know
19%
Watch the ThroneIllest Motherf**ker Alive
19%
The Black AlbumJustify My Thug
19%
The Dynasty: Roc La FamiliaThis Can't Be Life
19%
In My Lifetime, Vol. 1(Always Be My) Sunshine
18%
Vol. 2... Hard Knock LifeA Week Ago
18%
Reasonable DoubtComing of Age
18%
Vol. 2... Hard Knock LifeComing of Age (Da Sequel)
18%
The Blueprint²: The Gift & the CurseF**k All Nite
18%
The Blueprint²: The Gift & the CurseGuns & Roses
18%
American GangsterHello Brooklyn 2.0
18%
American GangsterIgnorant Sh*t
18%
The Dynasty: Roc La FamiliaI Just Wanna Love U (Give It 2 Me)
18%
Collision CourseJigga What/Faint
18%
Kingdom ComeLost One
18%
The Blueprint²: The Gift & the CurseMeet the Parents
18%
Reasonable DoubtRegrets
18%
The Blueprint²: The Gift & the CurseA Ballad for the Fallen Soldier
17%
American GangsterAmerican Dreamin'
17%
The Blueprint²: The Gift & the CurseAs One
17%
Magna Carta Holy GrailBeach Is Better
17%
The Blueprint²: The Gift & the CurseB***hes & Sisters
17%
American GangsterBlue Magic
17%
Reasonable DoubtCan I Live II
17%
Cruel SummerClique
17%
Magna Carta Holy GrailCrown
17%
The Blueprint²: The Gift & the CurseDiamonds Is Forever
17%
American GangsterFallin'
17%
In My Lifetime, Vol. 1Friend or Foe '98
17%
Magna Carta Holy GrailHeaven
17%
In My Lifetime, Vol. 1I Know What Girls Like
17%
In My Lifetime, Vol. 1Imaginary Player
17%
Blueprint 2.1La-La-La (Excuse Me Miss Again)
17%
In My Lifetime, Vol. 1Lucky Me
17%
Vol. 2... Hard Knock LifeMoney, Cash, Hoes
17%
Vol. 2... Hard Knock LifeN***a What, N***a Who (Originator 99)
17%
Magna Carta Holy GrailNickels and Dimes
17%
American GangsterNo Hook
17%
The Blueprint 3Real as It Gets
17%
Vol. 2... Hard Knock LifeReservoir Dogs
17%
The Blueprint²: The Gift & the CurseShow You How
17%
The Blueprint 3So Ambitious
17%
Vol. 3... Life and Times of S. CarterSo Ghetto
17%
The Blueprint²: The Gift & the CurseSome How Some Way
17%
The Blueprint²: The Gift & the CurseSome People Hate
17%
Paper TrailsSwagga Like Us
17%
The Best of Both WorldsThe Best of Both Worlds
17%
The Blueprint²: The Gift & the CurseU Don't Know (Remix)
17%
The Blueprint 3Venus vs. Mars
17%
The Blueprint 3What We Talkin' About
17%
The Dynasty: Roc La Familia1-900-Hustler
16%
The Blueprint²: The Gift & the CurseAll Around the World
16%
Magna Carta Holy GrailF.U.T.W.
16%
Kingdom ComeHollywood
16%
The Blueprint²: The Gift & the CurseN***a Please
16%
American GangsterPray
16%
American GangsterSay Hello
16%
The Dynasty: Roc La FamiliaStreets Is Talking
16%
American GangsterSuccess
16%
Everything Is Love713
15%
4:44Adnis
15%
Kingdom ComeBeach Chair
15%
Everything Is LoveBoss
15%
The Blueprint²: The Gift & the CurseI Did It My Way
15%
Ryde or Die Vol. 1Jigga My N***a
15%
Vol. 2... Hard Knock LifeMoney Ain't a Thang
15%
Everything Is LoveNice
15%
The Blueprint 3Reminder
15%
Vol. 2... Hard Knock LifeRide or Die
15%
Magna Carta Holy GrailSomewhereinamerica
15%
Magna Carta Holy GrailVersus
15%
The Blueprint²: The Gift & the Curse2 Many Hoes
14%
The Dynasty: Roc La FamiliaChange the Game
14%
Vol. 3... Life and Times of S. CarterCome and Get Me
14%
Vol. 3... Life and Times of S. CarterDo It Again (Put Ya Hands Up)
14%
Vol. 3... Life and Times of S. CarterDope Man
14%
The Dynasty: Roc La FamiliaGuilty Until Proven Innocent
14%
Everything Is LoveHeard About Us
14%
Vol. 2... Hard Knock LifeIf I Should Die
14%
Vol. 3... Life and Times of S. CarterIt's Hot (Some Like It Hot)
14%
Vol. 2... Hard Knock LifeIt's Like That
14%
The Dynasty: Roc La FamiliaParking Lot Pimpin'
14%
Vol. 3... Life and Times of S. CarterPop 4 Roc
14%
In My Lifetime, Vol. 1Rap Game / Crack Game
14%
In My Lifetime, Vol. 1Real N***az
14%
Vol. 3... Life and Times of S. CarterS. Carter
14%
The Dynasty: Roc La FamiliaSoon You'll Understand
14%
American GangsterSweet
14%
Vol. 3... Life and Times of S. CarterThings That U Do
14%
The Blueprint²: The Gift & the CurseWhat They Gonna Do
14%
The Dynasty: Roc La FamiliaWhere Have You Been
14%
Sprung (Music from and Inspired by the Motion Picture)Who You Wit
14%
4:44Blue's Freestyle / We Family
13%
Kingdom ComeDig a Hole
13%
In My Lifetime, Vol. 1Face Off
13%
The Dynasty: Roc La FamiliaGet Your Mind Right Mami
13%
Vol. 3... Life and Times of S. CarterHova Song (Intro)
13%
Vol. 3... Life and Times of S. CarterHova Song (Outro)
13%
Kingdom ComeI Made It
13%
Vol. 2... Hard Knock LifeIt's Alright
13%
Magna Carta Holy GrailJay Z Blue
13%
Magna Carta Holy GrailLa Familia
13%
Everything Is LoveLoveHappy
13%
Vol. 3... Life and Times of S. CarterNYMP
13%
Vol. 2... Hard Knock LifePaper Chase
13%
Vol. 3... Life and Times of S. CarterSnoopy Track
13%
Blueprint 2.1 | Unfinished BusinessStop
13%
Kingdom ComeThe Prelude
13%
In My Lifetime, Vol. 1Who You Wit II
13%
Kingdom Come30 Something
12%
Everything Is LoveBlack Effect
12%
Everything Is LoveFriends
12%
Single #6Glory
12%
Vol. 2... Hard Knock LifeIntro - Hand It Down
12%
Kingdom ComeMinority Report
12%
The Lion King: The GiftMood 4 Eva
12%
American GangsterParty Life
12%
The Dynasty: Roc La FamiliaSqueeze 1st
12%
The Dynasty: Roc La FamiliaStick 2 the Script
12%
The Blueprint²: The Gift & the CurseWhat They Gonna Do, Part II
12%
The Dynasty: Roc La FamiliaYou, Me, Him and Her
12%
Kingdom ComeDo U Wanna Ride
11%
Single #5Jockin' Jay-Z (Dopeboy Fresh)
11%
4:44MaNyfaCedGod
11%
Kingdom ComeOh My God
11%
Magna Carta Holy GrailOpen Letter
11%
The Best of Both WorldsPussy
11%
Kingdom ComeTrouble
11%
Vol. 3... Life and Times of S. CarterWatch Me
11%
Judas and the Black Messiah: The Inspired AlbumWhat It Feels Like
11%
Kingdom Come44 Fours
10%
Unfinished BusinessBig Chips
10%
Unfinished BusinessBreak Up (That's All We Do)
10%
The Best of Both WorldsBreak Up to Make Up
10%
The Best of Both WorldsGet This Money
10%
Blue Streak: The AlbumGirl's Best Friend
10%
Jay-Z: The Hits Collection, Volume OneGo Hard (Remix)
10%
The Best of Both WorldsGreen Light
10%
The Best of Both WorldsHoney
10%
The Best of Both WorldsIt Ain't Personal
10%
Jay-Z: The Hits Collection, Volume OneMy President Is Black (Remix)
10%
The Best of Both WorldsNaked
10%
The Best of Both WorldsShake Ya Body
10%
The Best of Both WorldsShorty
10%
The Best of Both WorldsSomebody's Girl
10%
The Best of Both WorldsTake You Home With Me
10%
Vol. 3... Life and Times of S. CarterThere's Been a Murder
10%
Streets Is WatchingCelebration
9%
Unfinished BusinessDon't Let Me Die
9%
Unfinished BusinessFeelin' You in Stereo
9%
A Written TestimonyGhost of Soulja Slim
9%
Nutty Professor II: The KlumpsHey Papi
9%
Streets Is WatchingLove for Free
9%
Unfinished BusinessMo' Money
9%
Streets Is WatchingOnly a Customer
9%
Unfinished BusinessPretty Girls
9%
Jay-Z: The Hits Collection, Volume OnePump It Up (Freestyle)
9%
Everything Is LoveSalud!
9%
Unfinished BusinessShe's Coming Home with Me
9%
Unfinished BusinessThe Return
9%
Unfinished BusinessThe Return (Remix)
9%
Jay-Z: The Hits Collection, Volume OneThis Life Forever
9%
Unfinished BusinessWe Got 'Em Goin'
9%
In My Lifetime, Vol. 1Wishing on a Star
9%
Jay-Z: The Hits Collection, Volume OneYoung, Gifted and Black
9%
Streets Is WatchingYour Love
9%
Streets Is WatchingIn My Lifetime (Remix)
8%
The Harder They Fall: The Motion Picture SoundtrackGuns Go Bang
7%
The Harder They Fall: The Motion Picture SoundtrackKing Kong Riddim
7%
Hope for Haiti NowStranded (Haiti Mon Amour)
6%

Score Distribution

Percentile by Number Answered

Percent of People with Each Score

Your Score History

You have not taken this quiz since the last reset